Responses for show #5330 - Friday, November 9, 2007

2007 Tournament of Champions quarterfinal game 5.

Contestants

[<< previous game]

Andrew Rostan, a writer and script reader originally from Boardman, Ohio

Doug Hicton, a composer originally from Regina, Saskatchewan, Canada

Cliff Galiher, a student from Half Moon Bay, California

[next game >>]

Jeopardy! Round responses

STATES BY COUNTIES
FASHION FUN
POLIDICKS
THE NEW YORK TIMES BUSINESS
THE BELOVED BRACHIOSAURUS
FLOWERS
    $200 14
New Mexico

Andrew
    $200 23
the Olsen Twins

Andrew
    $200 1
Dick Cheney

Doug
    $200 8
China

Andrew
    $200 26
herbivore

Cliff
    $200 9
Narcissus

Cliff
    $400 15
Florida

Andrew
    $400 24
Juicy Couture

Triple Stumper
    $400 5
Dick Gephardt

Andrew
    $400 13
Starbucks Coffee

Andrew
    $400 27
(Doug: What is arm├ęd?)
(Alex: That--no.)
(Doug: [Shaking his arms] Like, with arms?)
(Alex: [Looking at the judges] Shh-yeah. Okay.)
(Doug: Have--having arms.)
(Alex: Having arms, long arms.)
(Doug: Yes.)

arm

Doug
    $400 10
(Andrew: What is violet?)
(Doug: What is crocus?)

lilac

DougAndrew
Triple Stumper
    $600 16
(Andrew: What is Louisiana?)
(Doug: What is Kentucky?)

Kansas

DougAndrew
Triple Stumper
    $600 4
Sarah Jessica Parker

Andrew
    $600 6
Dick Lugar

Cliff
    $600 20
a recession

Andrew
    $600 28
Jurassic

Doug
    $600 2
zinnias

Doug
    $800 17
Maryland

Doug
    $800 19
Hermes

Andrew
    $1,000 3
(Doug: Aw... Who is Dick... no idea.)
(Alex: Ah, "military man"--[*].)
(Doug: Ah! Good one, Alex.)
[Laughter]

Dick Armey

Doug
    $800 21
carbon

Cliff
    $800 29
Tanzania

Cliff
    $800 11
a daisy

Triple Stumper
    $1000 18
Washington

Triple Stumper
    $1000 25
(Kim) Novak

Cliff
    $1000 7
Dick Durbin

Cliff
    $1000 22
Radiohead

Andrew
    $1000 30
(Alex: [*]--in Chicago. Correct.)

O'Hare

Andrew
    $1000 12
plumeria

Triple Stumper

Scores at the first commercial break (after clue 15):

Cliff Doug Andrew
$1,800 -$600 $1,800

Scores at the end of the Jeopardy! Round:

Cliff Doug Andrew
$4,600 $600 $4,800

Double Jeopardy! Round responses

AUTOBIOGRAPHERS
WE'RE NUMBER 2!
PHONETICS
.ORG
-ISMS
FLOW-ERS
(Alex: Not FLOWERS.)
    $400 6
Goethe

Doug
    $400 1
(Jack) Nicklaus

Cliff
    $400 21
the palate

Cliff
    $400 11
the Green Party

Andrew
    $400 22
existentialism

Andrew
    $400 30
the Ohio

Andrew
    $800 7
St. Augustine

Cliff
    $800 2
the Buffalo Bills

Cliff
    $800 20
French

Andrew
    $800 12
the American Red Cross

Andrew
    $800 23
voyeurism

Cliff
    $800 29
(Andrew: What is the Amazon?)

the Orinoco

Andrew
Triple Stumper
    $1200 8
Carl Jung

Andrew
    $1200 3
Katharine McPhee

Cliff
    $1200 19
a diphthong

Doug
    $1200 13
the Better Business Bureau

Andrew
    $1200 24
Zionism

Andrew
    $2,000 16
the Tagus River

Doug
    $1600 9
Thomas Merton

Andrew
    $1600 4
Alan Shepard

Andrew
    $1600 17
(Andrew: What is A?)
...
(Alex: [*]--the schwa sound.)

E

CliffAndrew
    $2,400 14
the World Wildlife Fund (WWF)

Andrew
    $1600 25
totalitarianism

Cliff
    $1600 28
(Alex: And the river is [*].)

the Zambezi

Triple Stumper
    $2000 10
Thomas DeQuincy

Andrew
    $2000 5
(Doug: Who is Man O' War?)

War Admiral

Doug
Triple Stumper
    $2000 18
a stop

Doug
    $2000 15
the Muscular Dystrophy Association

Doug
    $2000 26
Sikhism

Cliff
    $2000 27
the Red River

Doug

Scores at the end of the Double Jeopardy! Round:

Cliff Doug Andrew
$14,200 $8,200 $16,400

Final Jeopardy! Round responses

HISTORIC ARCHITECTS
(Alex: Unlucky guy.)
...
(Alex: [To Doug] [*] is correct. The building that burned during the War of 1812 was the White House.)
...
(Alex: Doug Hicton, congratulations. You are a semifinalist.)
(Doug: Oh!)
(Alex: Come on over here, Doug, and as Doug joins me, we will show you the other semifinalists who will compete next week right here. Here they are.)
(Chris: Chris Mazurek, Columbia, Missouri.)
(Craig: Craig Westphal, Tucson, Arizona.)
(Paul: Paul Glaser, Albany, New York.)
(Christian: Christian Haines, Newport News, Virginia.)
(Alex: And now the four other semifinalists, the high scorers among nonwinners, the wildcards.)
(Celeste: Celeste DiNucci, Philadelphia, Pennsylvania.)
(Susan: Susan Mitchell--Houston, Texas.)
(Jeff: Jeff Spoeri--Boynton Beach, Florida.)
(Alex: And Cliff Galiher with $11,400. Congratulations to you, young man. The semifinals starting on Monday right here on Jeopardy! We'll see you then. So long.)
DougWho was Hoban
$8,200
CliffWho is Baptiste?
$2,800
AndrewWho is L'Enfant? Lafayett
$13,000
James Hoban

Final scores:

Cliff Doug Andrew
$11,400 $16,400 $3,400
2nd place: $5,000 + the Jeopardy! DVD Home Game System if eliminated Automatic semifinalist 3rd place: $5,000 + the Jeopardy! DVD Home Game System if eliminated

Game dynamics:

Coryat scores:

Cliff Doug Andrew
$14,200 $8,400 $15,600
16 R,
0 W
11 R
(including 1 DD),
4 W
(including 1 DD)
23 R
(including 1 DD),
4 W

Combined Coryat: $38,200

The J! Archive is created by fans, for fans. The Jeopardy! game show and all elements thereof, including but not limited to copyright and trademark thereto, are the property of Jeopardy Productions, Inc. and are protected under law. This website is not affiliated with, sponsored by, or operated by Jeopardy Productions, Inc. Join the discussion at JBoard.tv.